Applied regression analysis and other multivariable methods / (Record no. 110350)
[ view plain ]
| 000 -LEADER | |
|---|---|
| fixed length control field | 00990cam a22003137i 4500 |
| 001 - CONTROL NUMBER | |
| control field | 17824616 |
| 005 - DATE AND TIME OF LATEST TRANSACTION | |
| control field | 20190121091200.0 |
| 008 - FIXED-LENGTH DATA ELEMENTS--GENERAL INFORMATION | |
| fixed length control field | 130724t20132014maua b 001 0 eng d |
| 020 ## - INTERNATIONAL STANDARD BOOK NUMBER | |
| International Standard Book Number | 9781285051086 |
| 020 ## - INTERNATIONAL STANDARD BOOK NUMBER | |
| International Standard Book Number | 1285051084 |
| 040 ## - CATALOGING SOURCE | |
| Transcribing agency | PK-LaUMT |
| 082 04 - DEWEY DECIMAL CLASSIFICATION NUMBER | |
| Classification number | 519.535 |
| Edition number | 23 |
| Item number | KLE-A |
| 100 1# - MAIN ENTRY--PERSONAL NAME | |
| Personal name | Kleinbaum, David G. |
| 245 10 - TITLE STATEMENT | |
| Title | Applied regression analysis and other multivariable methods / |
| Statement of responsibility, etc | David G. Kleinbaum, Lawrence L. Kupper, Azhar Nizam and Eli S. Rosenberg |
| 250 ## - EDITION STATEMENT | |
| Edition statement | 5th ed. |
| 260 ## - PUBLICATION, DISTRIBUTION, ETC. (IMPRINT) | |
| Place of publication, distribution, etc | Boston : |
| Name of publisher, distributor, etc | Cengage Learning, |
| Date of publication, distribution, etc | 2014 |
| 300 ## - PHYSICAL DESCRIPTION | |
| Extent | xix, 1051 p. : |
| Other physical details | illustrations ; |
| Dimensions | 24 cm |
| 650 #0 - SUBJECT ADDED ENTRY--TOPICAL TERM | |
| Topical term or geographic name as entry element | Regression analysis. |
| 650 #0 - SUBJECT ADDED ENTRY--TOPICAL TERM | |
| Topical term or geographic name as entry element | Multivariate analysis. |
| 650 12 - SUBJECT ADDED ENTRY--TOPICAL TERM | |
| Topical term or geographic name as entry element | Regression Analysis. |
| 650 12 - SUBJECT ADDED ENTRY--TOPICAL TERM | |
| Topical term or geographic name as entry element | Factor Analysis, Statistical. |
| 650 12 - SUBJECT ADDED ENTRY--TOPICAL TERM | |
| Topical term or geographic name as entry element | Multivariate Analysis. |
| 650 #7 - SUBJECT ADDED ENTRY--TOPICAL TERM | |
| Topical term or geographic name as entry element | Multivariate analysis. |
| 650 #7 - SUBJECT ADDED ENTRY--TOPICAL TERM | |
| Topical term or geographic name as entry element | Regression analysis. |
| 700 1# - ADDED ENTRY--PERSONAL NAME | |
| Personal name | Kupper, Lawrence L., |
| 700 1# - ADDED ENTRY--PERSONAL NAME | |
| Personal name | Nizam, Azhar, |
| 700 1# - ADDED ENTRY--PERSONAL NAME | |
| Personal name | Rosenberg, Eli S., |
| 942 ## - ADDED ENTRY ELEMENTS (KOHA) | |
| Koha item type | Books |
| Withdrawn status | Lost status | Damaged status | Home library | Current library | Date acquired | Full call number | Barcode | Date last seen | Price effective from | Koha item type |
|---|---|---|---|---|---|---|---|---|---|---|
| UMT Main Campus | UMT Main Campus | 2019-01-21 | 519.535 KLE-A | 127758 | 2019-06-11 | 2019-01-21 | Books |
